000 00343nam a2200121Ia 4500
008 231129s9999||||xx |||||||||||||| ||spa||
020 _a958-600-205-5
082 _aR 001.6403 F853di
100 _aFreedman Alan
245 0 _aDiccionario de computacion bilingue
264 _aMcGraw-Hill
942 _2ddc
_cBKS
999 _c9316
_d9316